O cão dos Baskerville (Registo nº 1981)

Detalhes MARC
000 -Etiqueta do registo
Cabeçalho 00992nam a22003251 4500
005 - Identificador da versão
Campo de controlo 20240813121921.0
095 ## -
-- PTBN00010232
010 ## - Número internacional normalizado dos livros (ISBN)
Número (ISBN) 8439562357
021 ## - Número do Depósito Legal
Código do país PT
100 ## - Dados gerais de processamento
Dados gerais de processamento 20070620d1997 de y0pory5003 ba
102 ## - Pais de publicação ou produção
País de publicação Portugal
101 1# - Língua de publicação
Língua do texto, banda sonora, etc. Português
Língua do documento no original Francês
106 ## - Campo de dados codificados: material textual
Dados codificados do material textual r
105 ## - Campo de dados codificados: livros
Dados codificados dos livros a t 000ay
215 ## - Descrição física 
Indicação específica da natureza do documento e extensão da espécie 48 p.
Outras indicações físicas todo il.
Dimensões 20 cm
200 1# - Titulo e menção de responsabilidade
Título próprio O cão dos Baskerville
Primeira menção de responsabilidade do livro de Arthur Conan Doyle
Outras menções de responsabilidade guião de André-Paul Duchãteau, il. Stibane
225 2# - Colecção 
Título próprio da colecção Sherlock Holmes
210 ## - Publicação, Distribuição, etc. 
Lugar da edição, distribuição, etc. [Lisboa]
Nome do editor, distribuidor, etc. Planeta DeAgostini
Data da publicação, distribuição, etc. cop. 1997
300 ## - Notas gerais 
Texto da nota Edição especial para REPSOL
606 ## - Nome comum usado como assunto
Número de registo de entrada de autoridade 0000226
Palavra de ordem Literatura estrangeira infanto-juvenil
Subdivisão de assunto Banda desenhada
675 ## - Classificação Decimal Universal (CDU)
Notação 82-9
Edição
Língua da edição por
702 #1 - Nome de autor-pessoa física (responsabilidade secundária)
Número de registo de entrada de autoridade 0000647
Palavra de ordem Duchãteau
Outra parte do nome não tomada para palavra de ordem André-Paul
Código de função Editor literário / Coordenador
Número de registo de entrada de autoridade 0000648
Palavra de ordem Stibane
Código de função Ilustrador / Técnico de desenho computorizado
700 #1 - Nome de autor-pessoa física (responsabilidade principal)
Número de registo de entrada de autoridade 0000646
Palavra de ordem Doyle
Outra parte do nome não tomada para palavra de ordem Arthur Conan
Elementos de identificação ou distinção Sir
Datas 1859-1930
942 ## - Elementos de entrada adicionados (Koha)
Tipo de item no Koha Livro
Exemplares
Situação do levantamento Origin of item (home branch) (coded) Biblioteca de empréstimo Código de barras Cota Circulation type (not for loan) Tipo de documento Nota do exemplar Damaged status
  Biblioteca Escolar da Coca Maravilhas Biblioteca Escolar da Coca Maravilhas BECM8150/07 8BD DOY   Livro Sem mensagem